[Event "Hamburg State-ch U18"]
[Site "Cuxhaven"]
[Date "2005.03.16"]
[Round "7"]
[White "Lam, Charlie Le"]
[Black "Baselt, Joshua"]
[Result "1/2-1/2"]
[WhiteElo "1423"]
[BlackElo "1183"]
[PlyCount "93"]
[EventDate "2005.03.12"]
[EventType "swiss"]
[EventRounds "9"]
[EventCountry "GER"]
[SourceTitle "EXT 2007"]
[Source "ChessBase"]
[SourceDate "2006.11.23"]
[SourceVersion "1"]
[SourceVersionDate "2006.11.23"]
[SourceQuality "1"]

1. c4 e5 2. Nc3 Nf6 3. g3 d5 4. cxd5 Nxd5 5. Bg2 Nxc3 6. bxc3 Nc6 7. Rb1 Qd7 8. Qa4 Bc5 9. Ba3 Bxa3 10. Qxa3 Qd6 11. Qa4 0-0 12. e3 Bd7 13. Qh4 b6 14. Ne2 Bf5 15. Be4 Bxe4 16. Qxe4 Rad8 17. d4 exd4 18. cxd4 Rfe8 19. Qc2 Qd5 20. 0-0 Re7 21. Nf4 Qd6 22. Rfc1 Na5 23. Rb5 c6 24. Rb2 Rc7 25. Qa4 c5 26. dxc5 Rxc5 27. Rbc2 Rdc8 28. Rxc5 Rxc5 29. Rd1 Qb8 30. Qd7 Rc8 31. Nd5 Rf8 32. Rd4 Nb7 33. Ne7+ Kh8 34. Nc6 Qa8 35. Rf4 a6 36. Rxf7 Rxf7 37. Qxf7 Qc8 38. Nd4 Nd6 39. Qb3 b5 40. f3 Qc1+ 41. Kf2 Nc4 42. Qd3 Qh1 43. Nf5 Qxh2+ 44. Ke1 Qg1+ 45. Ke2 Qg2+ 46. Ke1 Qg1+ 47. Ke2 1/2-1/2